000 00278nam a22001217a 4500
008 170825b xxu||||| |||| 00| 0 eng d
041 _aeng
080 _a070
100 _a39
101 _aMED
245 _aAUSTRALIAN MEDIA RECEPTION HISTORIES
_cGOGIN.G
942 _2udc
_cBK
999 _c24998
_d24998